000
00228nam a2200097Ia 4500
008
220204s9999 xx 000 0 und d
082
_a
362.54
_b
FOO
245
0
_a
Development through food
260
_a
Rome
_b
FAO
_c
1962
942
_c
BK
999
_c
19752
_d
19752